| 000 | 01225nac a22002291u 4500 | ||
|---|---|---|---|
| 008 | 110116t xxu||||| |||| 00| 0 eng d | ||
| 082 |
_a621.803 _bا ل ا |
||
| 100 |
_a20080729 _921981 |
||
| 245 |
_aآلات الورش _cأشرف على التحرير أنور محمود عبد الواحد؛ تصنيف محمد عبد النصيرالقديم |
||
| 246 |
_aTechnical dictionary: _bMachine Tools |
||
| 246 |
_aDictionnaire Technique: _bMachine-Outils |
||
| 246 |
_aTechnisches Worterbuch : _bWerkzeugmaschinen |
||
| 260 |
_aالقاهرة : _bالأهرام ،1977. _c1977. |
||
| 300 |
_a1 :مج (ترقيم متعدد _c20 سم _bايض ؛ |
||
| 490 |
_921987 _aالمعاجم التكنولوجية التخصصية |
||
| 500 | _aعربي مع التعاريف إنجليزي، فرنسي ، ألماني | ||
| 650 |
_aالآلات _921988 _vمعاجم |
||
| 700 |
_aالقديم ، محمد عبد النصير _921991 |
||
| 700 |
_aعبد الواحد ، أنور محمود _921593 |
||
| 942 |
_cBB _k621.803 ال ا _2ddc |
||
| 999 |
_c6449 _d6449 |
||